Kolkata The Mecca of Art and a Culturl Hub: (Record no. 182859)

MARC details
000 -LEADER
fixed length control field 00623 a2200193 4500
005 - DATE AND TIME OF LATEST TRANSACTION
control field 20211208125126.0
010 ## - LCCN (DPL NO)
LC control number ENG-130233
020 ## - INTERNATIONAL STANDARD BOOK NUMBER
Terms of availability 150.00
International Standard Book Number 978-81-87952-35-0
035 ## - SYSTEM CONTROL NUMBER
System control number EN-113765
037 ## - SOURCE OF ACQUISITION
Source of stock number/acquisition DBAD / PUB
082 ## - DEWEY DECIMAL CLASSIFICATION NUMBER
Classification number 700.92254147
100 ## - MAIN ENTRY--PERSONAL NAME
Personal name Kakar, S.C.
245 ## - TITLE STATEMENT
Title Kolkata The Mecca of Art and a Culturl Hub:
Statement of responsibility, etc S.C. Kakar
250 ## - EDITION STATEMENT
Edition statement 2013
260 ## - PUBLICATION, DISTRIBUTION, ETC. (IMPRINT)
Place of publication, distribution, etc Kolkata
Name of publisher, distributor, etc Mark-Age Service Pvt. Ltd
Date of publication, distribution, etc 2013
270 ## - ADDRESS
City Kolkata
Postal code 700084
Address G-1, Ground Floor, 334 Nath Para
Electronic mail address markage.india@sify.com
Telephone number 033-24107066
300 ## - PHYSICAL DESCRIPTION
Extent 160p.
Dimensions 21cm (pbk)
942 ## - ADDED ENTRY ELEMENTS (KOHA)
Institution code [OBSOLETE] dpl
Item type English Books
Source of classification or shelving scheme Dewey Decimal Classification
Classification part 700.92254147
Call number suffix KAK
Holdings
Withdrawn status Lost status Not for loan Collection code Home library Current library Date acquired Source of acquisition Cost, normal purchase price Full call number Barcode Copy number Cost, replacement price Koha item type
      Non-fiction Shahdara Branch Shahdara Branch 08/12/2021 DBAD/PUB 150.00 700.92254147 KAK EN-113765 1 150.00 English Books

© Delhi Public Library
Hit Counter
free hit counter